[Event "Dutch Open 2014"]
[Site "Dieren NED"]
[Date "2014.07.28"]
[Round "6.18"]
[White "Maatman, Nick"]
[Black "Buckels, Valentin"]
[Result "0-1"]
[WhiteElo "2211"]
[BlackElo "2100"]
[WhiteFideId "1040391"]
[BlackFideId "12942766"]
[EventDate "2014.07.22"]

1. d4 Nf6 2. c4 e6 3. Nc3 Bb4 4. Nf3 b6 5. Bg5 h6 6. Bh4 Bb7 7. Qb3 a5 8. a3 a4
9. Qc2 Bxc3+ 10. Qxc3 g5 11. Bg3 Ne4 12. Qc2 d6 13. Nd2 f5 14. e3 Nd7 15. Nxe4
Bxe4 16. Qd1 Qf6 17. f3 Bc6 18. Bd3 h5 19. Bf2 g4 20. Qe2 e5 21. d5 Bb7 22.
O-O-O Nc5 23. Bc2 e4 24. fxe4 fxe4 25. Be1 Rf8 26. Bb4 O-O-O 27. Bxc5 dxc5 28.
Bxa4 Ba6 29. Rdf1 Qe5 30. Rxf8 Rxf8 31. Bd1 Qf6 32. Re1 Qf2 33. Qxf2 Rxf2 34.
Re2 Rf1 35. Rc2 Re1 36. Kd2 Rh1 37. h3 gxh3 38. gxh3 Rxh3 39. Be2 Kb8 40. Rc1
Rh2 41. b3 Bc8 42. Re1 h4 43. Rg1 Rf2 44. Rg8 h3 45. Ke1 h2 46. Rh8 Rg2 47. Bf1
Rb2 48. Be2 Rb1+ 49. Bd1 Kb7 50. Kd2 Bg4 51. Bxg4 h1=Q 52. Rxh1 Rxh1 53. Bf5
Rh2+ 54. Kc3 Re2 55. Bxe4 Rxe3+ 56. Bd3 Rg3 57. Kc2 Rg2+ 58. Kb1 Kc8 59. Bf5+
Kd8 60. Be6 Ke7 61. Bc8 Kd6 62. b4 b5 63. bxc5+ Kxc5 64. cxb5 Kxb5 65. Bd7+ Kc4
66. Be6 Re2 67. Bf7 Kc3 68. Bg8 Re8 69. Bf7 Re7 70. Bg8 Rg7 71. Be6 Rh7 72. Bg8
Rh8 73. Be6 Rd8 74. Bf7 Rd7 75. Be6 Rd6 76. Bf7 Kb3 77. Kc1 Kxa3 78. Kc2 Kb4 79.
Kd3 Kc5 80. Ke4 Rf6 81. Be8 Kd6 82. Bc6 Rh6 83. Bb7 Rh4+ 84. Kd3 Kc5 85. Kc3 Rd4
86. Bc6 Rxd5 87. Bxd5 Kxd5 88. Kd3 Kc5 89. Kc3 c6 0-1

[Event "Dutch Open 2014"]
[Site "Dieren NED"]
[Date "2014.07.28"]
[Round "6.19"]
[White "De Jong, Migchiel"]
[Black "Halfhide, Sebastian"]
[Result "1-0"]
[WhiteTitle "IM"]
[WhiteElo "2345"]
[BlackElo "1979"]
[WhiteFideId "1002848"]
[BlackFideId "1045946"]
[EventDate "2014.07.22"]

1. e4 e5 2. Nf3 Nc6 3. Bb5 a6 4. Ba4 Nf6 5. O-O Be7 6. Re1 b5 7. Bb3 O-O 8. a4
b4 9. d4 d6 10. dxe5 dxe5 11. Nbd2 Bc5 12. a5 Qe7 13. h3 Bb7 14. Bc4 Ne8 15. Nb3
Ba7 16. Bg5 Qd6 17. Qe2 Qg6 18. Bd5 Nd6 19. Be3 Rfe8 20. Nc5 Nd8 21. Nxb7 N6xb7
22. Nh4 Qf6 23. Nf5 c6 24. Bc4 Bxe3 25. Qxe3 c5 26. Red1 Ne6 27. Rd7 Ra7 28. Bd5
Ned8 29. Rd1 Kf8 30. Nd6 Nxd6 31. Rxa7 Nb5 32. Qxc5+ Kg8 33. Ra8 Nd4 34. c3 Ne2+
35. Kf1 Ng3+ 36. Ke1 Nh5 37. Bc6 Qg6 38. Rdxd8 1-0

[Event "Dutch Open 2014"]
[Site "Dieren NED"]
[Date "2014.07.28"]
[Round "6.21"]
[White "Den Hartog, Marijn"]
[Black "Ypma, Peter"]
[Result "1/2-1/2"]
[WhiteElo "2006"]
[BlackElo "2203"]
[WhiteFideId "1046098"]
[BlackFideId "1027255"]
[EventDate "2014.07.22"]

1. e4 e5 2. Nf3 Nc6 3. Bb5 Nd4 4. Nxd4 exd4 5. d3 g6 6. c3 Bg7 7. O-O Ne7 8. Qe2
O-O 9. cxd4 c6 10. Ba4 d5 11. Be3 Qb6 12. Nc3 Bxd4 13. Bxd4 Qxd4 14. Qe3 Qb4 15.
d4 dxe4 16. a3 Qb6 17. Nxe4 Nf5 18. Qf4 Nxd4 19. Nf6+ Kg7 20. Nh5+ gxh5 21. Qg5+
Kh8 22. Qf6+ 1/2-1/2

[Event "Dutch Open 2014"]
[Site "Dieren NED"]
[Date "2014.07.28"]
[Round "6.22"]
[White "Markus, John Raymond"]
[Black "Stolwijk, Colin"]
[Result "1-0"]
[WhiteElo "2143"]
[BlackElo "2075"]
[WhiteFideId "1001213"]
[BlackFideId "1033743"]
[EventDate "2014.07.22"]

1. d4 d5 2. Nf3 Nf6 3. e3 c6 4. b3 Bg4 5. Bb2 Nbd7 6. Nbd2 e6 7. h3 Bh5 8. Bd3
Bd6 9. g4 Bg6 10. Ne5 Bxd3 11. cxd3 Qc7 12. f4 Nf8 13. O-O h5 14. g5 N6d7 15. e4
Nb6 16. g6 Nxg6 17. Nxg6 fxg6 18. e5 Be7 19. a4 O-O-O 20. Nf3 Rdf8 21. Qd2 Rf5
22. a5 Nd7 23. Ba3 Qd8 24. a6 b6 25. Bd6 Nb8 26. Qb4 Bxd6 27. Qxd6 Qxd6 28. exd6
Rxf4 29. Ne5 Rhf8 30. Rxf4 Rxf4 31. Nxg6 Rxd4 32. Rf1 Nxa6 33. Ne5 Nc5 34. Rf8+
Kb7 35. Rf7+ Ka6 36. Nxc6 Rh4 37. b4 Nb7 38. Nb8+ Kb5 39. Rxb7 Rf4 40. d7 Rf8
41. Rc7 1-0

[Event "Dutch Open 2014"]
[Site "Dieren NED"]
[Date "2014.07.28"]
[Round "6.23"]
[White "Dijkhuis, Sven"]
[Black "Go, Benjamin"]
[Result "1-0"]
[WhiteElo "1988"]
[BlackElo "2133"]
[WhiteFideId "1036556"]
[BlackFideId "1014560"]
[EventDate "2014.07.22"]

1. e4 d6 2. d4 Nf6 3. Nc3 g6 4. f3 Bg7 5. Be3 c6 6. Qd2 b5 7. O-O-O Nbd7 8. g4
Nb6 9. Bh6 O-O 10. h4 Qc7 11. h5 e5 12. Bxg7 Kxg7 13. Bh3 Nc4 14. Qh2 Qe7 15.
Nge2 Kh8 16. Rdg1 b4 17. Nd1 exd4 18. g5 Nxh5 19. Bxc8 Raxc8 20. Nf4 Qe5 21.
Nxh5 Qxh2 22. Rxh2 gxh5 23. Rxh5 Kg7 24. Nf2 Ne3 25. Nd3 Rg8 26. Nxb4 a5 27. Nd3
c5 28. Nf4 Rce8 29. Rh6 Re5 30. Nh5+ Kf8 31. Nf6 Rgxg5 32. Nxh7+ Kg7 33. Nxg5
Rxg5 34. Rxg5+ Kxh6 35. Rg8 f5 36. exf5 Nxf5 37. Ra8 Kg5 38. Rxa5 Kf4 39. a4 Ne3
40. Rb5 Kxf3 41. a5 Ke2 42. Rb8 c4 43. Re8 d3 44. cxd3 cxd3 45. Rxe3+ Kxe3 46.
Kd1 1-0

[Event "Dutch Open 2014"]
[Site "Dieren NED"]
[Date "2014.07.28"]
[Round "6.24"]
[White "Warmerdam, Max"]
[Black "Evengroen, Henk-Jan"]
[Result "0-1"]
[WhiteElo "2207"]
[BlackElo "2095"]
[WhiteFideId "1048104"]
[BlackFideId "1019252"]
[EventDate "2014.07.22"]

1. e4 e5 2. Nf3 Nc6 3. Bb5 a6 4. Ba4 Nf6 5. O-O Be7 6. Re1 b5 7. Bb3 O-O 8. h3
Bb7 9. d3 d6 10. a3 Na5 11. Ba2 c5 12. Nbd2 Qc7 13. Nf1 h6 14. Ne3 Rfe8 15. Nh2
c4 16. b4 cxb3 17. cxb3 b4 18. Bd2 d5 19. Nhg4 dxe4 20. Nf5 Nc6 21. dxe4 Red8
22. Qc1 Nxg4 23. hxg4 Bf8 24. g5 hxg5 25. Bxg5 Rd7 26. Qe3 Nd4 27. Qg3 Qc3 28.
Qg4 Nxf5 29. Qxf5 Qd4 30. Be3 Qxe4 31. Qxe4 Bxe4 32. Bg5 Bg6 33. Rac1 bxa3 34.
Rc6 Bb4 35. Rec1 f6 36. Be3 a5 37. Kh2 Bd2 38. b4+ Kh7 39. Rd1 Rad8 40. bxa5
Bxe3 41. Rxd7 Rxd7 42. fxe3 Rd2 43. a6 Rxg2+ 44. Kxg2 Be4+ 45. Kf2 Bxc6 46. Ke1
g5 47. a7 f5 48. Kf2 e4 49. Bc4 Kg7 50. Bb5 Ba8 0-1

[Event "Dutch Open 2014"]
[Site "Dieren NED"]
[Date "2014.07.28"]
[Round "6.25"]
[White "Van Liempt, Michael"]
[Black "Kollen, Zyon"]
[Result "0-1"]
[WhiteElo "2016"]
[BlackElo "2196"]
[WhiteFideId "1012665"]
[BlackFideId "1024256"]
[EventDate "2014.07.22"]

1. e4 c5 2. Nc3 Nc6 3. f4 g6 4. Nf3 Bg7 5. Bb5 Nd4 6. O-O Nxb5 7. Nxb5 d5 8.
exd5 a6 9. Nc3 Nf6 10. d4 c4 11. Qe2 Nxd5 12. Qxc4 Be6 13. Qe2 Nxc3 14. bxc3 Rc8
15. Qe3 O-O 16. Bd2 Rc4 17. Rfe1 Re8 18. Ng5 Bf5 19. Qf3 h6 20. Ne4 Bxd4+ 21.
Kh1 Bg7 22. Rad1 Qc8 23. h3 Rd8 24. g4 Bxe4 25. Rxe4 Rxe4 26. Qxe4 Bxc3 0-1

[Event "Dutch Open 2014"]
[Site "Dieren NED"]
[Date "2014.07.28"]
[Round "6.26"]
[White "Van Foreest, Lucas"]
[Black "Schoppen, Casper"]
[Result "1-0"]
[WhiteElo "2192"]
[BlackElo "1938"]
[WhiteFideId "1039792"]
[BlackFideId "1046730"]
[EventDate "2014.07.22"]

1. d4 Nf6 2. c4 e6 3. Nf3 b6 4. Nc3 Bb7 5. e3 Bb4 6. Qc2 O-O 7. Be2 Ne4 8. O-O
f5 9. Nd2 Bxc3 10. bxc3 Nxd2 11. Bxd2 d6 12. Rad1 Nd7 13. Bc1 Qe7 14. Bd3 Rae8
15. f3 g6 16. e4 f4 17. Qa4 a6 18. g3 g5 19. gxf4 gxf4 20. Kh1 Kh8 21. Rf2 e5
22. Rg2 Rg8 23. Rdg1 Rxg2 24. Rxg2 Rd8 25. Bd2 Nf6 26. Be1 Nd7 27. Bf1 Nf8 28.
Rg1 exd4 29. Qd1 d3 30. Qxd3 Ng6 31. Bd2 Rf8 32. Bh3 Bc8 33. Bxc8 Rxc8 34. Qd5
Qe5 35. Qf7 Qg7 36. Qe6 Rf8 37. Rg5 Qf7 38. Qh3 Rg8 39. Rh5 Nf8 40. Rd5 Qg6 41.
Qf1 Ne6 42. Rf5 Qh6 43. Qf2 c5 44. h4 b5 45. cxb5 axb5 46. c4 b4 47. Bc1 Nd4 48.
Bb2 Qg7 49. Rxf4 Ra8 50. Rg4 Qf6 51. Qg3 Qe5 52. Qg2 Qe6 53. Qe2 Rf8 54. Qd3 Qf6
55. Kg2 Ra8 56. e5 dxe5 57. Bxd4 exd4 58. Qe4 Rxa2+ 59. Kh3 h5 60. Qe8+ Kh7 61.
Qxh5+ 1-0

[Event "Dutch Open 2014"]
[Site "Dieren NED"]
[Date "2014.07.28"]
[Round "6.27"]
[White "Sparenberg, Erik"]
[Black "Boersma, Jan"]
[Result "1/2-1/2"]
[WhiteElo "2119"]
[BlackElo "2101"]
[WhiteFideId "1013262"]
[BlackFideId "1003267"]
[EventDate "2014.07.22"]

1. e4 c5 2. Nf3 g6 3. d4 cxd4 4. Nxd4 Nc6 5. c4 Nf6 6. Nc3 d6 7. Be2 Nxd4 8.
Qxd4 Bg7 9. O-O O-O 10. Qd3 Nd7 11. f3 Nc5 12. Qc2 Ne6 13. Be3 Nd4 1/2-1/2

[Event "Dutch Open 2014"]
[Site "Dieren NED"]
[Date "2014.07.28"]
[Round "6.28"]
[White "Gouw, Carol-Peter"]
[Black "Op Den Dries, Johan"]
[Result "1-0"]
[WhiteElo "2110"]
[BlackElo "2098"]
[WhiteFideId "1007629"]
[BlackFideId "1021257"]
[EventDate "2014.07.22"]

1. c4 Nc6 2. Nc3 e5 3. Nf3 f5 4. d3 Bb4 5. g3 Nf6 6. Bg2 O-O 7. O-O Bxc3 8. bxc3
Qe8 9. Ba3 d6 10. Rb1 Qh5 11. c5 d5 12. d4 e4 13. Ne5 e3 14. f3 g5 15. c4 dxc4
16. f4 Nxe5 17. dxe5 Ng4 18. Qd5+ Kg7 19. h3 Nf2 20. c6 Rg8 21. cxb7 Bxb7 22.
Rxb7 gxf4 23. Rxc7+ Kh8 24. e6 Nxh3+ 25. Bxh3 Rxg3+ 26. Bg2 Qxe2 27. Qxa8+ Rg8
28. Rc8 1-0

[Event "Dutch Open 2014"]
[Site "Dieren NED"]
[Date "2014.07.28"]
[Round "6.29"]
[White "Kathstede, Gerd"]
[Black "Heemskerk, Wim"]
[Result "0-1"]
[BlackTitle "FM"]
[WhiteElo "2082"]
[BlackElo "2247"]
[WhiteFideId "4662199"]
[BlackFideId "1001000"]
[EventDate "2014.07.22"]

1. d4 e6 2. Nf3 Nf6 3. g3 c5 4. Bg2 Nc6 5. O-O d5 6. c4 Be7 7. cxd5 exd5 8. Nc3
O-O 9. Bg5 c4 10. Ne5 Be6 11. Nxc6 bxc6 12. e4 Nxe4 13. Bxe7 Nxc3 14. Bxd8 Nxd1
15. Be7 Nxb2 16. Bxf8 Kxf8 17. f4 Bf5 18. Rf3 a5 19. Bf1 c5 20. dxc5 Rc8 21. Kf2
d4 22. Ra3 Rxc5 23. Kf3 c3 24. g4 Bc2 25. Rc1 d3 26. Be2 a4 27. Kf2 Rc4 28. Ke3
dxe2 29. Kxe2 Bd3+ 30. Ke3 c2 31. Rxd3 Nxd3 32. Kxd3 Rxf4 33. Rxc2 Rxg4 34. Kc3
f5 35. Rd2 Ke7 36. a3 Ke6 37. Rd8 h5 38. h3 Rh4 39. Rd3 Ke5 40. Rg3 Kf6 41. Rd3
g5 42. Kd2 Re4 43. Rd8 g4 44. h4 g3 45. Rd3 g2 0-1

[Event "Dutch Open 2014"]
[Site "Dieren NED"]
[Date "2014.07.29"]
[Round "7.1"]
[White "Sengupta, Deep"]
[Black "Das, Arghyadip"]
[Result "1/2-1/2"]
[WhiteTitle "GM"]
[BlackTitle "IM"]
[WhiteElo "2533"]
[BlackElo "2439"]
[WhiteFideId "5008352"]
[BlackFideId "5003610"]
[EventDate "2014.07.22"]

1. Nf3 d5 2. d4 Nf6 3. c4 dxc4 4. e3 e6 5. Bxc4 c5 6. O-O a6 7. dxc5 Bxc5 8.
Qxd8+ Kxd8 9. Nbd2 Ke7 10. b3 Nbd7 11. Bb2 b6 12. Rac1 Bb7 13. Be2 Rac8 14. Rfd1
Rhd8 15. Nc4 Bd5 16. Kf1 Kf8 17. Nce5 Nxe5 18. Nxe5 Bb7 19. Rxd8+ Rxd8 20. Rd1
Rxd1+ 21. Bxd1 1/2-1/2

[Event "Dutch Open 2014"]
[Site "Dieren NED"]
[Date "2014.07.29"]
[Round "7.2"]
[White "Wiersma, Eelke"]
[Black "Ikonnikov, Vyacheslav"]
[Result "1/2-1/2"]
[WhiteTitle "IM"]
[BlackTitle "GM"]
[WhiteElo "2354"]
[BlackElo "2556"]
[WhiteFideId "1002864"]
[BlackFideId "4100972"]
[EventDate "2014.07.22"]

1. d4 Nf6 2. c4 e6 3. Nc3 Bb4 4. e3 O-O 5. Bd3 d6 6. Ne2 c5 7. O-O Nc6 8. Qc2
Ba5 9. a3 h6 10. b3 cxd4 11. Nxd4 Nxd4 12. exd4 Bb6 13. Ne2 e5 14. Bb2 Re8 15.
dxe5 dxe5 16. Ng3 Bd4 17. Rad1 Qc7 18. Bxd4 exd4 19. Qb2 Rd8 20. Be2 Qf4 21. Rd3
Bg4 22. Rfd1 Bxe2 23. Nxe2 Qe5 24. Ng3 Rd7 25. Rxd4 Rad8 26. Rxd7 Qxb2 27. Rxd8+
Kh7 28. R8d3 Qxa3 29. h3 Qc5 30. Re3 b5 31. Ne4 Nxe4 32. Rxe4 Qf5 33. Red4 bxc4
34. Rxc4 Qb5 35. Rd3 a5 36. Rf3 Qd5 37. Rcf4 f6 38. Rf5 Qd1+ 39. Kh2 a4 40. bxa4
Qxa4 41. R3f4 Qd1 42. h4 h5 43. Rb5 Kg6 44. Rf3 Qd4 45. g3 Qe4 46. Rf4 Qc2 47.
Rb7 Qd2 48. Rbb4 1/2-1/2

[Event "Dutch Open 2014"]
[Site "Dieren NED"]
[Date "2014.07.29"]
[Round "7.3"]
[White "L'Ami, Erwin"]
[Black "Sowray, Peter J"]
[Result "1/2-1/2"]
[WhiteTitle "GM"]
[BlackTitle "FM"]
[WhiteElo "2650"]
[BlackElo "2325"]
[WhiteFideId "1007998"]
[BlackFideId "400971"]
[EventDate "2014.07.22"]

1. d4 d6 2. c4 f5 3. g3 Nf6 4. Bg2 g6 5. Nf3 Bg7 6. O-O O-O 7. Nc3 Nc6 8. d5 Ne5
9. Nxe5 dxe5 10. c5 h6 11. Qb3 Kh8 12. Rd1 a6 13. Bd2 Qe8 14. Be1 Rb8 15. d6
exd6 16. cxd6 Be6 17. Qa3 cxd6 18. Rxd6 e4 19. Rad1 Qf7 20. e3 Rfc8 21. Ne2 Bf8
22. Bc3 Bxd6 23. Rxd6 Rd8 24. Nf4 Rxd6 25. Qxd6 Re8 26. Bf1 Kg7 27. a4 Qe7 28.
Nxe6+ Qxe6 29. Qb4 Qc6 30. Bc4 g5 31. Qb3 Rd8 32. Be6 Kg6 33. Bf7+ Kg7 34. Be6
Kg6 35. Bf7+ Kg7 36. Bh5 Qd5 37. Qb4 Rd7 38. h3 Qd6 39. Qa5 Qd5 40. Qb4 Qd6 41.
Qa5 Qd5 42. Qb4 1/2-1/2

[Event "Dutch Open 2014"]
[Site "Dieren NED"]
[Date "2014.07.29"]
[Round "7.4"]
[White "Pruijssers, Roeland"]
[Black "Van Foreest, Jorden"]
[Result "1-0"]
[WhiteTitle "GM"]
[BlackTitle "FM"]
[WhiteElo "2517"]
[BlackElo "2461"]
[WhiteFideId "1013068"]
[BlackFideId "1039784"]
[EventDate "2014.07.22"]

1. e4 c5 2. Nf3 e6 3. d4 cxd4 4. Nxd4 Nc6 5. Nc3 Qc7 6. f4 a6 7. Nxc6 Qxc6 8.
Bd3 b5 9. Qe2 Bc5 10. Bd2 Bb7 11. O-O-O Ne7 12. a3 O-O-O 13. Qh5 g6 14. Qg5 d5
15. Kb1 h6 16. Qf6 Rhf8 17. Rhe1 Qc7 18. Qh4 h5 19. Re2 Rd7 20. f5 exf5 21. exf5
Nxf5 22. Bxf5 gxf5 23. Qxh5 Kb8 24. Qxf5 Ka8 25. Bf4 Qc6 26. Re5 Rc8 27. Rexd5
Rxd5 28. Nxd5 Ka7 29. Rd3 Qe6 30. Qxe6 fxe6 31. Ne3 Re8 32. Be5 Bxe3 33. Rxe3
Bxg2 34. h4 Rf8 35. b3 Rf3 36. Bd4+ Kb7 37. Rxe6 Rf4 38. Bf6 Bd5 39. Re7+ Kc6
40. Bg5 Re4 41. Rxe4 Bxe4 42. h5 Kd5 43. Kb2 Bf3 44. h6 Be4 45. Bf6 Bf5 46. Kc3
Bg6 47. Kd2 Bh7 48. c3 Bb1 49. Bd8 Bh7 50. Bb6 Kc6 51. Ba5 Kd5 52. Ke3 Bc2 53.
Kf4 Kd6 54. Bb4+ Kd5 55. Kg5 Ke6 56. c4 Ke5 57. c5 Kd5 58. Kf6 a5 59. Bxa5 1-0

[Event "Dutch Open 2014"]
[Site "Dieren NED"]
[Date "2014.07.29"]
[Round "7.5"]
[White "Ernst, Sipke"]
[Black "Horvath, Csaba"]
[Result "0-1"]
[WhiteTitle "GM"]
[BlackTitle "GM"]
[WhiteElo "2554"]
[BlackElo "2542"]
[WhiteFideId "1004689"]
[BlackFideId "700118"]
[EventDate "2014.07.22"]

1. d4 d5 2. c4 e6 3. Nc3 Nf6 4. Nf3 c5 5. e3 dxc4 6. Bxc4 a6 7. a4 Nc6 8. O-O
Be7 9. Qe2 cxd4 10. Rd1 e5 11. exd4 exd4 12. Nxd4 Nxd4 13. Qe5 Qd6 14. Qxd4 Qxd4
15. Rxd4 Bc5 16. Rd3 O-O 17. Bg5 Ng4 18. Ne4 Ba7 19. Rd2 h6 20. Bh4 Be6 21. Bxe6
fxe6 22. Re1 Ne5 23. Nd6 Nc6 24. Bg3 Rad8 25. Rxe6 Bc5 26. Rd5 b6 27. h4 Rd7 28.
h5 Ne7 29. Rd3 Nf5 30. Be5 Bxf2+ 31. Kh2 Bc5 32. Nxf5 Rxd3 33. g4 Rd5 34. Kg2
Kf7 35. Nxg7 Rxe5 36. Rxe5 Kxg7 37. a5 Rf2+ 38. Kh1 Rh2+ 39. Kxh2 Bd6 40. axb6
Bxe5+ 41. Kh3 Bxb2 42. b7 Be5 43. Kh4 0-1

[Event "Dutch Open 2014"]
[Site "Dieren NED"]
[Date "2014.07.29"]
[Round "7.6"]
[White "Zwirs, Nico"]
[Black "Hausrath, Daniel"]
[Result "0-1"]
[BlackTitle "GM"]
[WhiteElo "2284"]
[BlackElo "2526"]
[WhiteFideId "1036432"]
[BlackFideId "4617495"]
[EventDate "2014.07.22"]

1. e4 d6 2. d4 g6 3. Nf3 Bg7 4. Bd3 Nc6 5. c3 e5 6. dxe5 dxe5 7. b3 Nh6 8. Ba3
Be6 9. Qe2 f6 10. Nbd2 Nf7 11. Rd1 Bf8 12. Bc1 Bh6 13. Ba3 Qd7 14. O-O Bf8 15.
Bc1 Be7 16. Nc4 O-O 17. Ne3 Kg7 18. Bc4 Bd6 19. h3 Rad8 20. Bxe6 Qxe6 21. Qb5
Qc8 22. Nd5 Rd7 23. Qe2 Ncd8 24. Nh2 c6 25. Ne3 h5 26. Nc4 Bc7 27. Nf3 Ne6 28.
Rxd7 Qxd7 29. Rd1 Qc8 30. Be3 b5 31. Nb2 Rd8 32. Rxd8 Bxd8 33. a4 a6 34. Qd3 Be7
35. axb5 axb5 36. c4 Qd8 37. cxb5 Qxd3 38. Nxd3 cxb5 39. Kf1 Bd6 40. Ke2 f5 41.
Nd2 Nfd8 42. Nc1 Nc6 43. Na2 Bc7 44. f3 Ba5 45. Kd3 Ncd4 46. Bxd4 exd4 47. exf5
Nf4+ 48. Kc2 gxf5 49. b4 Bb6 50. g4 h4 51. gxf5 Nxh3 52. Nc1 Kf6 53. Ne4+ Kxf5
54. Nd3 Bc7 55. Kd2 Ng5 56. Nxg5 Kxg5 57. Ke2 Bd6 58. Kf2 h3 59. Kg1 Kh4 60. Kf2
Bc7 61. Nc5 Bg3+ 62. Kg1 Bd6 63. Nd3 Kg3 64. f4 Bxf4 65. Nf2 Be3 66. Kh1 Kxf2 0-1

[Event "Dutch Open 2014"]
[Site "Dieren NED"]
[Date "2014.07.29"]
[Round "7.7"]
[White "Stany, G.A."]
[Black "Afek, Yochanan"]
[Result "1/2-1/2"]
[WhiteTitle "IM"]
[BlackTitle "IM"]
[WhiteElo "2399"]
[BlackElo "2298"]
[WhiteFideId "5029104"]
[BlackFideId "2800462"]
[EventDate "2014.07.22"]

1. e4 c5 2. Nf3 d6 3. d4 cxd4 4. Nxd4 Nf6 5. Nc3 g6 6. Be3 Bg7 7. f3 Nc6 8. Qd2
O-O 9. O-O-O d5 10. exd5 Nxd5 11. Nxc6 bxc6 12. Bd4 Bxd4 13. Qxd4 Be6 14. Na4
Qa5 15. b3 Rfd8 16. Qc5 Qc7 17. g3 Qe5 18. Qd4 Qc7 19. Qc5 Qe5 20. c3 Qf6 21.
Be2 Bf5 22. Rhe1 Nb6 23. Rxd8+ Rxd8 24. Rd1 Rxd1+ 25. Bxd1 Nxa4 26. bxa4 Qd6 27.
Qxa7 Qa3+ 28. Kd2 Qb2+ 29. Ke1 Qxc3+ 30. Kf2 c5 31. Be2 Qd4+ 32. Kf1 Qe3 33. a5
Bd3 34. Bxd3 Qxd3+ 35. Kg2 Qe2+ 36. Kg1 Qe1+ 37. Kg2 Qe2+ 38. Kg1 1/2-1/2

[Event "Dutch Open 2014"]
[Site "Dieren NED"]
[Date "2014.07.29"]
[Round "7.8"]
[White "Losekoot, Pascal"]
[Black "Pijpers, Arthur"]
[Result "1/2-1/2"]
[WhiteElo "2114"]
[BlackElo "2371"]
[WhiteFideId "1012410"]
[BlackFideId "1019554"]
[EventDate "2014.07.22"]

1. e4 e6 2. d4 d5 3. Nc3 h6 4. exd5 exd5 5. Bd3 Nf6 6. Nf3 c5 7. dxc5 Bxc5 8.
O-O O-O 9. Bf4 Nc6 10. h3 Be6 11. Qd2 Re8 12. Rfe1 Rc8 13. Ne5 Nxe5 14. Bxe5 Nd7
15. Bg3 Bb4 16. a3 Bxc3 17. bxc3 Qa5 18. f4 d4 19. f5 dxc3 20. Qf4 Bd5 21. a4
Bc6 22. Qd4 Qd5 23. Qxd5 Bxd5 24. Rad1 Rxe1+ 25. Bxe1 Ne5 26. f6 gxf6 27. Bf5
Be6 28. Be4 b6 29. Bb7 Rc7 30. Be4 f5 31. Rd8+ Kg7 32. Bg3 f6 33. Re8 Kf7 34.
Rh8 Kg7 35. Re8 fxe4 36. Rxe6 Kf7 37. Bxe5 fxe5 38. Rxh6 Rd7 39. Rc6 Rd4 40.
Rc7+ Kf6 41. a5 e3 42. Kf1 Kf5 43. Rxc3 Ke4 44. axb6 axb6 45. Ke1 Rd2 46. Rc4+
Kd5 47. Rb4 Rxg2 48. Rxb6 Rxc2 49. h4 Rh2 50. h5 Ke4 51. Rb8 Rxh5 52. Ra8 Rh2
53. Ra7 Rb2 54. Ra8 Rb4 55. Ke2 Rb2+ 56. Ke1 e2 57. Ra4+ Kf3 58. Ra3+ Kf4 59.
Ra4+ e4 60. Ra3 Rc2 61. Rb3 Ra2 62. Rc3 Ke5 63. Re3 Kd4 64. Rb3 Kc4 65. Re3 Kd4
66. Rb3 Kd5 67. Re3 Kc4 68. Rxe4+ Kd3 69. Re3+ Kxe3 1/2-1/2

[Event "Dutch Open 2014"]
[Site "Dieren NED"]
[Date "2014.07.29"]
[Round "7.9"]
[White "Saravanan, V."]
[Black "Maris, Ivo"]
[Result "1-0"]
[WhiteTitle "IM"]
[WhiteElo "2320"]
[BlackElo "2178"]
[WhiteFideId "5000580"]
[BlackFideId "1028146"]
[EventDate "2014.07.22"]

1. d4 Nf6 2. c4 c5 3. d5 b5 4. cxb5 a6 5. b6 e6 6. Nc3 exd5 7. Nxd5 Nxd5 8. Qxd5
Nc6 9. e4 Be7 10. Nf3 Rb8 11. Bc4 O-O 12. O-O Rxb6 13. Qh5 d6 14. Ng5 Bxg5 15.
Bxg5 Qe8 16. Rad1 Be6 17. Bxe6 Qxe6 18. b3 Nb4 19. Rd2 Qxe4 20. Qd1 Re8 21. a3
Re5 22. f3 Qg6 23. f4 1-0

[Event "Dutch Open 2014"]
[Site "Dieren NED"]
[Date "2014.07.29"]
[Round "7.10"]
[White "Kolbus, Dietmar"]
[Black "Vos, Tjark"]
[Result "1-0"]
[WhiteTitle "IM"]
[WhiteElo "2303"]
[BlackElo "2130"]
[WhiteFideId "4610628"]
[BlackFideId "1020870"]
[EventDate "2014.07.22"]

1. c4 Nf6 2. Nc3 g6 3. e4 d6 4. d4 Bg7 5. Bd3 O-O 6. Nge2 e5 7. d5 Nbd7 8. f3
Nc5 9. Bc2 a5 10. Be3 Ne8 11. Qd2 f5 12. O-O-O Bd7 13. h3 f4 14. Bf2 Rb8 15. Nb5
c6 16. Nxd6 Nxd6 17. Bxc5 Nxc4 18. Qd3 Ne3 19. Bxe3 fxe3 20. dxc6 Bxc6 21. Qb3+ 1-0

[Event "Dutch Open 2014"]
[Site "Dieren NED"]
[Date "2014.07.29"]
[Round "7.11"]
[White "Tromp, Pieter"]
[Black "Struik, Tjapko"]
[Result "1/2-1/2"]
[WhiteElo "2127"]
[BlackElo "2292"]
[WhiteFideId "1026402"]
[BlackFideId "1011243"]
[EventDate "2014.07.22"]

1. d4 Nf6 2. c4 e6 3. Nf3 d5 4. g3 dxc4 5. Bg2 a6 6. O-O Nc6 7. Qc2 Nxd4 8. Qxc4
Nxf3+ 9. Bxf3 Bd6 10. Nc3 h6 11. Rd1 Qe7 12. Be3 O-O 13. Rac1 Re8 14. Rd4 Bc5
15. Rd3 Bxe3 16. Rxe3 Rb8 17. Ne4 Nxe4 18. Bxe4 Bd7 19. Rb3 c6 20. Rb6 e5 21.
Qc5 Kf8 22. Bd3 Qxc5 23. Rxc5 f6 24. Rc3 Rec8 25. Bc4 Rc7 26. Bxa6 Bc8 27. Bc4
Ra8 28. a3 Rd7 29. Rd3 Rxd3 30. Bxd3 Ke7 31. f4 exf4 32. gxf4 g5 33. fxg5 hxg5
34. Rb4 g4 35. Kf2 Ra5 36. Re4+ Kd6 37. Rd4+ Ke7 38. Re4+ Kf7 39. Bc4+ Kf8 40.
Be6 Bxe6 41. Rxe6 Kf7 42. Re4 Rh5 43. Rxg4 1/2-1/2

[Event "Dutch Open 2014"]
[Site "Dieren NED"]
[Date "2014.07.29"]
[Round "7.12"]
[White "Mostertman, Milan"]
[Black "Buckels, Valentin"]
[Result "1-0"]
[WhiteTitle "FM"]
[WhiteElo "2284"]
[BlackElo "2100"]
[WhiteFideId "1025848"]
[BlackFideId "12942766"]
[EventDate "2014.07.22"]

1. e4 e5 2. Nf3 Nc6 3. Bc4 Bc5 4. c3 Nf6 5. d3 a6 6. Bb3 Ba7 7. h3 d6 8. Nbd2 h6
9. Nf1 d5 10. Qe2 dxe4 11. dxe4 Qe7 12. Be3 Be6 13. Bxa7 Nxa7 14. Rd1 O-O 15.
Ng3 g6 16. h4 h5 17. Qd2 Ng4 18. Qg5 Qxg5 19. hxg5 Bxb3 20. axb3 Kg7 21. Rd7
Rac8 22. Nd2 Rfd8 23. Rxd8 Rxd8 24. Ngf1 Nc6 25. f3 Nf6 26. gxf6+ Kxf6 27. Ne3
Ne7 28. b4 Ke6 29. Ke2 c6 30. Nb3 b6 31. Nc4 Rb8 32. Ra1 1-0